[Event "Druga liga Srbije grupa Vojvodina 2013"]
[Site "Stari Banovci"]
[Date "2013.11.10"]
[Round "10.6"]
[White "Robulj, Nenad"]
[Black "Sekulic, Dusan"]
[Result "1-0"]
[WhiteElo "2322"]
[BlackElo "2298"]
[PlyCount "51"]
[EventDate "2013.11.04"]

1. e4 e5 2. d4 exd4 3. Qxd4 Nc6 4. Qe3 Nf6 5. Nc3 Bb4 6. Bd2 O-O 7. O-O-O Re8
8. Qg3 Nxe4 9. Nxe4 Rxe4 10. c3 Bd6 11. f4 Qf6 12. Nh3 Bf8 13. Bd3 Ra4 14. Ng5
g6 15. Rde1 Ne7 16. Ne4 Qc6 17. Qh4 h6 18. Nf6+ Kg7 19. Ne8+ Kg8 20. Rxe7 g5
21. Qe1 Rxa2 22. Bb1 Ra1 23. Qe5 Qg6 24. f5 d6 25. fxg6 dxe5 26. Rxf7 1-0

[Event "Druga liga Srbije grupa Vojvodina 2013"]
[Site "Stari Banovci"]
[Date "2013.11.10"]
[Round "10.6"]
[White "Azaric, Slavko"]
[Black "Joksimovic, Dragoljub"]
[Result "0-1"]
[WhiteElo "2294"]
[BlackElo "2164"]
[PlyCount "142"]
[EventDate "2013.11.04"]

1. e4 g6 2. d4 Bg7 3. Nc3 d6 4. Be3 c6 5. Qd2 Nd7 6. Nf3 b5 7. Bd3 Nb6 8. h3 a5
9. a4 b4 10. Ne2 Ba6 11. b3 Bxd3 12. cxd3 e6 13. Rc1 Rc8 14. O-O Nd7 15. Rc2
Ne7 16. Rfc1 O-O 17. Bh6 c5 18. Bxg7 Kxg7 19. Qe3 e5 20. d5 h6 21. Nh2 f5 22.
f4 g5 23. fxg5 f4 24. Qf3 hxg5 25. Qh5 Ng6 26. Nf3 Rh8 27. Qxg5 Qxg5 28. Nxg5
Nh4 29. Kf2 Kf6 30. Nf3 Nxf3 31. Kxf3 Rcg8 32. Rh1 Nf8 33. h4 Ng6 34. h5 Kg5
35. g3 fxg3 36. Nxg3 Nh4+ 37. Ke3 Rf8 38. Nf5 Nxf5+ 39. exf5 Rxf5 40. Rg2+ Kf6
41. Rg6+ Kf7 42. Rxd6 Rfxh5 43. Rxh5 Rxh5 44. Rc6 Ke7 45. Rxc5 Kd6 46. Rxa5
Rh3+ 47. Ke4 Rh4+ 48. Kf3 Rh3+ 49. Ke4 Rh4+ 50. Kf5 Rf4+ 51. Kg5 Rd4 52. Rb5
Rxd3 53. Rxb4 Kxd5 54. a5 Rg3+ 55. Kf5 Rf3+ 56. Kg4 Rf8 57. a6 e4 58. a7 Ra8
59. Ra4 Ke5 60. Kg3 Rg8+ 61. Kf2 Ra8 62. Ke3 Kd5 63. Ra6 Kc5 64. Kxe4 Kb5 65.
Ra4 Kb6 66. Kd5 Kb7 67. Rb4+ Kc7 68. Rh4 Rd8+ 69. Kc5 Kb7 70. Ra4 Ka8 71. Rd4
Rg8 $138 0-1

[Event "Druga liga Srbije grupa Vojvodina 2013"]
[Site "Stari Banovci"]
[Date "2013.11.10"]
[Round "10.6"]
[White "Mitrovic, Zivadin"]
[Black "Vencl, Radivoje"]
[Result "1-0"]
[WhiteElo "2187"]
[BlackElo "2284"]
[PlyCount "72"]
[EventDate "2013.11.04"]

1. b4 d5 2. Bb2 Nf6 3. e3 c6 4. a3 Bf5 5. Nf3 e6 6. c4 Be7 7. Nc3 O-O 8. Be2 h6
9. O-O Nbd7 10. d4 Re8 11. c5 Qc7 12. Rc1 Bg4 13. Nd2 Bxe2 14. Nxe2 b5 15. h3
e5 16. dxe5 Nxe5 17. Bd4 a5 18. Ra1 axb4 19. axb4 Nc4 20. Qc2 Qb7 21. Ng3 Nd7
22. Nf3 Bf6 23. Qc3 Bxd4 24. Qxd4 g6 25. e4 Rxa1 26. Rxa1 Nde5 27. Nh2 Ra8 28.
Rd1 Ra3 29. exd5 cxd5 30. Ne2 Qb8 31. Nf4 Nc6 32. Qf6 d4 33. Ng4 Ra7 34. Nxh6+
Kh7 35. Nxf7 Ne7 36. Ne6 Nf5 1-0

[Event "Druga liga Srbije grupa Vojvodina 2013"]
[Site "Stari Banovci"]
[Date "2013.11.10"]
[Round "10.6"]
[White "Vucinic, Gojko"]
[Black "Besedes, Danilo"]
[Result "1-0"]
[WhiteElo "2294"]
[BlackElo "1974"]
[PlyCount "63"]
[EventDate "2013.11.04"]

1. e4 e5 2. Nf3 Nc6 3. Bc4 Bc5 4. c3 Nf6 5. d4 exd4 6. e5 d5 7. Be2 Ne4 8. cxd4
Bb4+ 9. Bd2 Nxd2 10. Nbxd2 O-O 11. O-O Bg4 12. Nb3 a5 13. a3 Be7 14. Rc1 Nb8
15. Ne1 Bf5 16. Bd3 Bxd3 17. Nxd3 Nd7 18. f4 f5 19. Re1 c6 20. Qd2 Qb6 21. Qc3
Rfe8 22. Ndc5 Bxc5 23. dxc5 Qc7 24. Nd4 g6 25. Kh1 h5 26. e6 Nf8 27. Re5 Re7
28. Qg3 Kh7 29. Qg5 Rae8 30. Rce1 Qd8 31. R1e3 Qc7 32. Rg3 1-0

[Event "Druga liga Srbije grupa Vojvodina 2013"]
[Site "Stari Banovci"]
[Date "2013.11.10"]
[Round "10.6"]
[White "Milic, Bozidar"]
[Black "Stojanovic, Vlastimir"]
[Result "0-1"]
[WhiteElo "2122"]
[BlackElo "2205"]
[PlyCount "64"]
[EventDate "2013.11.04"]

1. d4 d5 2. c4 c6 3. cxd5 cxd5 4. Nf3 Nf6 5. Nc3 e6 6. Bf4 Be7 7. e3 O-O 8. Bd3
Nh5 9. Bg3 Nd7 10. Ne5 g6 11. Nxd7 Bxd7 12. O-O Nxg3 13. hxg3 Qb6 14. Rb1 Rac8
15. Qe2 f5 16. Bb5 Bxb5 17. Qxb5 Qxb5 18. Nxb5 a6 19. Nc3 Rc4 20. Ne2 g5 21.
Rbc1 Rfc8 22. Rxc4 dxc4 23. Rc1 b5 24. b3 Bb4 25. bxc4 Rxc4 26. Rxc4 bxc4 27.
Kf1 Kf7 28. Nc1 Bd2 29. Nb3 cxb3 30. axb3 Ke7 31. Ke2 Ba5 32. f3 h5 0-1